Q.C.M: culture générale - Statistiques

Statistiques générales
  • Ce quiz a été pris 42 fois
  • Le résultat moyen est 5 sur 7
Statistiques - réponses
Question Réponse % Correct
Qui est l'actrice d’Hermione dans Harry Potter à l’école des sorciers ? Emma Watson
100%
La quelle de ces quatre personnes n'est pas chanteuse ? Anna Akhmatova
98%
Qui chante avec GIMS dans la chanson parisienne? La mano 1.9
68%
Comment s'appelle l'auteur de Charlie et la chocolatrie ? Roald Dahl
65%
Qui est Sirius Black par rapport à Harry Potter ? Son parrain
63%
La quelle de ces œuvres n'est pas de Roald Dahl ? Enquête au collège.
35%
Comment s'appelle le meilleur ami d'Anatole Latuile ? Jason
28%
Aucun quiz correspondant
Distribution des résultats
% des personnes avec chaque résultat
Percentile par nombre de réponses
Votre historique - résultats
Vous n’avez pas pris ce quiz